Maṣāʻibushshīʻah. (Record no. 80087)
[ view plain ]
| 000 -LEADER | |
|---|---|
| fixed length control field | 00564cam a22002291 4500 |
| 001 - CONTROL NUMBER | |
| control field | sa 68004257 |
| 003 - CONTROL NUMBER IDENTIFIER | |
| control field | DLC |
| 005 - DATE AND TIME OF LATEST TRANSACTION | |
| control field | 20260227112500.0 |
| 008 - FIXED-LENGTH DATA ELEMENTS--GENERAL INFORMATION | |
| fixed length control field | 890613m19659999ii b 000 0 urdr |
| 010 ## - LIBRARY OF CONGRESS CONTROL NUMBER | |
| LC control number | sa 68004257 |
| 035 ## - SYSTEM CONTROL NUMBER | |
| System control number | (OCoLC)19864090 |
| 040 ## - CATALOGING SOURCE | |
| Original cataloging agency | DLC |
| Transcribing agency | WaU |
| Modifying agency | DLC |
| 042 ## - AUTHENTICATION CODE | |
| Authentication code | premarc |
| 050 00 - LIBRARY OF CONGRESS CALL NUMBER | |
| Classification number | BP193 |
| Item number | .S3 |
| 100 0# - MAIN ENTRY--PERSONAL NAME | |
| Personal name | Saʻādat Ḥusain K̲h̲ān̲. |
| 245 10 - TITLE STATEMENT | |
| Title | Maṣāʻibushshīʻah. |
| 260 ## - PUBLICATION, DISTRIBUTION, ETC. | |
| Date of publication, distribution, etc. | [1965?- |
| 300 ## - PHYSICAL DESCRIPTION | |
| Extent | v. |
| Dimensions | 18 cm. |
| 500 ## - GENERAL NOTE | |
| General note | In Urdu. |
| 504 ## - BIBLIOGRAPHY, ETC. NOTE | |
| Bibliography, etc. note | Includes bibliographies. |
| 650 #0 - SUBJECT ADDED ENTRY--TOPICAL TERM | |
| Topical term or geographic name entry element | Shiites |
| General subdivision | Persecutions. |
No items available.